Kālikha aura lālī / (Record no. 58810)

MARC details
000 -LEADER
fixed length control field 00684cam a2200229 a 4500
001 - CONTROL NUMBER
control field sa 64004894
003 - CONTROL NUMBER IDENTIFIER
control field DLC
005 - DATE AND TIME OF LATEST TRANSACTION
control field 20260227112028.0
008 - FIXED-LENGTH DATA ELEMENTS--GENERAL INFORMATION
fixed length control field 891226s1964 ii af 000 d hino
010 ## - LIBRARY OF CONGRESS CONTROL NUMBER
LC control number sa 64004894
035 ## - SYSTEM CONTROL NUMBER
System control number (OCoLC)20820161
040 ## - CATALOGING SOURCE
Original cataloging agency DLC
Transcribing agency DLC
050 00 - LIBRARY OF CONGRESS CALL NUMBER
Classification number PK2098.S2927
Item number K35 1964
100 1# - MAIN ENTRY--PERSONAL NAME
Personal name Śarmā, Rājendra Kumāra,
Dates associated with a name 1920-
245 10 - TITLE STATEMENT
Title Kālikha aura lālī /
Statement of responsibility, etc. Rājendrakumāra Śarmā.
246 1# - VARYING FORM OF TITLE
Display text Title on t.p. verso:
Title proper/short title Kalikh aur lali
250 ## - EDITION STATEMENT
Edition statement 1. saṃskaraṇa.
260 ## - PUBLICATION, DISTRIBUTION, ETC.
Place of publication, distribution, etc. Dillī :
Name of publisher, distributor, etc. Ātmārāma eṇḍa Saṃsa,
Date of publication, distribution, etc. 1964.
300 ## - PHYSICAL DESCRIPTION
Extent 111 p., [2] leaves of plates :
Other physical details ill. ;
Dimensions 19 cm.
500 ## - GENERAL NOTE
General note Plays.
546 ## - LANGUAGE NOTE
Language note In Hindi.

No items available.

Powered by Koha